तिरूक्कुरलः (Record no. 204866)

MARC details
000 -LEADER
fixed length control field 01199nam a22002057a 4500
005 - DATE AND TIME OF LATEST TRANSACTION
control field 20240806123313.0
010 ## - LCCN (DPL NO)
LC control number B-760163 CH-HN
020 ## - INTERNATIONAL STANDARD BOOK NUMBER
Terms of availability 115.00
International Standard Book Number 9789354092237
035 ## - SYSTEM CONTROL NUMBER
System control number B-760163
037 ## - SOURCE OF ACQUISITION
Source of stock number/acquisition उपहार
082 ## - DEWEY DECIMAL CLASSIFICATION NUMBER
Classification number 181.45
245 ## - TITLE STATEMENT
Title तिरूक्कुरलः
Remainder of title तमिल गौरव-ग्रंथ/
Statement of responsibility, etc जय सिंह एवं ममता रानी द्वारा संपादित
260 ## - PUBLICATION, DISTRIBUTION, ETC. (IMPRINT)
Place of publication, distribution, etc नई दिल्ली
Name of publisher, distributor, etc प्रकाशन विभाग
Date of publication, distribution, etc 2021
270 ## - ADDRESS
Address सूचना और प्रसारण मंत्रालय, भारत सरकार, सूचना भवन, सी.जी.ओ.काँम्प्लेक्स, लोदी रोड
City नई दिल्ली
Postal code 110003
300 ## - PHYSICAL DESCRIPTION
Extent 60पृ.:
Dimensions 24सेमी (अजिल्द)
Other physical details सचित्र
700 ## - ADDED ENTRY--PERSONAL NAME
Personal name जय सिंह
9 (RLIN) 69551
700 ## - ADDED ENTRY--PERSONAL NAME
Personal name ममता रानी
9 (RLIN) 69552
942 ## - ADDED ENTRY ELEMENTS (KOHA)
Source of classification or shelving scheme Dewey Decimal Classification
Item type Children Books
Classification part 181.45
Call number suffix तिरूक्कु
Holdings
Withdrawn status Lost status Not for loan Collection code Home library Current library Date acquired Source of acquisition Cost, normal purchase price Full call number Barcode Copy number Cost, replacement price Koha item type Public note
      Non-fiction Kadipur Kadipur 06/08/2024 उपहार/6.08.2024 115.00 181.45 तिरूक्कु B-760163 1 115.00 Children Books उपहार

© Delhi Public Library
Hit Counter
free hit counter